| 000 | 00387nam a22001217a 4500 | ||
|---|---|---|---|
| 003 | OSt | ||
| 005 | 20250701083308.0 | ||
| 008 | 250701b |||||||| |||| 00| 0 eng d | ||
| 040 | _cParliament of Kenya | ||
| 082 | _a378.198 | ||
| 245 |
_aKilling a virus with Stones? _bResearch on the Implementation of Policies Against Sexual Harassment in Southern African Higher Education |
||
| 942 |
_2ddc _cBK |
||
| 999 |
_c4104 _d4104 |
||